Statistiques concernant Ville à pays n°22

Cliquez ici pour prendre le quiz!

Statistiques générales

  • Ce quiz a été pris 69 fois
  • Le résultat moyen est 10 sur 15

Statistiques - réponses

Ville Et pays % Correct
LiverpoolRoyaume-Uni
98%
RigaLettonie
95%
HeraklionGréce
91%
CalgaryCanada
86%
Addis-AbebaEthiopie
84%
MacaoChine
73%
AbujaNigeria
70%
KazanRussie
68%
ValparaísoChili
64%
DjoubaSoudan du Sud
57%
BassorahIrak
54%
StavangerNorvége
52%
Cabo San LucasMexique
45%
KuopioFinlande
30%
PopradSlovaquie
20%

Distribution des résultats

Percentile par nombre de réponses

% des personnes avec chaque résultat

Votre développement - résultats

Vous n’avez pas pris ce quiz